000 01085nam a2200229Ia 4500
003 Ost
005 20260507075410.0
008 260507s9999||||xx |||||||||||||| ||und||
020 _a9773502341
040 _cfsecg
041 _aara
082 _a330
100 _aطاحون، زكريا
_eمؤلف
245 0 _aتقييم التأثيرات البيئية للمشروعات :
_bالإجراءات و النماذج /
_c زكريا طاحون
260 _aالقاهرة:
_bشركة ناس للطباعة,
_c2009
300 _a157 صفحة؛
_bإيضاحات ؛
_c23 سم
504 _aالمراجع ص.155
520 _aيضم التعريف بأسس وإجراءات تقييم التأثيرات البيئية، المبادئ الأساسية للتقييم المبدئي للأثر البيئي، تقدير الأثر البيئي للمشروعات، القوائم والنماذج المعتمدة، دليل إجراء التقييم المتكامل للآثار البيئية
653 _aالبيئة
653 _aالمشروعات
942 _cكتاب
999 _c44388
_d44388